000 00739nam a2200265 i 4500
001 4111220
003 PILC
005 20150318133506.0
008 750314s1974 enk 001 0 eng
010 _a 75306243
015 _aGB***
020 _a0220662576 :
_c£4.95
040 _aDLC
_cDLC
_dDLC
050 0 0 _aHG 4026
_b.Si53 1974
082 0 0 _a658.1/5
100 1 _aSimons, Leon.
245 1 4 _aThe basic arts of financial management /
_cLeon Simons.
260 _aLondon :
_bBusiness Books,
_c1974.
300 _a209 pages :
_c23 cm.
500 _aIncludes index.
650 0 _aCorporations
_xFinance.
650 0 _aBusiness enterprises
_xFinance.
906 _a7
_bcbc
_corignew
_d2
_encip
_f19
_gy-gencatlg
942 _2lcc
_cBK
999 _c283780
_d283780